[Event "Ct. Catalunya eq. DH"]
[Site "?"]
[Date "2011.03.19"]
[Round "8.7"]
[White "Llaneza Vega, P."]
[Black "Anguera Maestro, J."]
[Result "1-0"]
[WhiteElo "2237"]
[BlackElo "2183"]
[PlyCount "41"]
[EventDate "2011.??.??"]
[EventType "team"]

1. e4 g6 2. d4 Bg7 3. Nc3 d6 4. f4 c6 5. Nf3 Nf6 6. Bd3 O-O 7. O-O Bg4 8. Be3
b5 9. h3 Bd7 10. e5 Ne8 11. f5 b4 12. fxg6 hxg6 13. Ne4 c5 14. Qe1 cxd4 15. Qh4
f6 16. Nfg5 fxg5 17. Nxg5 Nf6 18. exf6 Rxf6 19. Rxf6 exf6 20. Qh7+ Kf8 21. Bc4
1-0

[Event "Ct. Catalunya eq. DH"]
[Site "?"]
[Date "2011.03.19"]
[Round "8.7"]
[White "Perpinya Rofes, LM."]
[Black "Barbero Sendic, A."]
[Result "1-0"]
[WhiteElo "2368"]
[BlackElo "2267"]
[PlyCount "67"]
[EventDate "2011.??.??"]
[EventType "team"]

1. e4 e6 2. d4 d5 3. Nc3 Nf6 4. e5 Nfd7 5. Nf3 c5 6. dxc5 Nc6 7. Bf4 Bxc5 8.
Bd3 f6 9. exf6 Nxf6 10. Qe2 O-O 11. O-O-O a6 12. Ne5 Bd6 13. Bg3 Qc7 14. Ng4
Nb4 15. Bxd6 Qxd6 16. Ne5 Bd7 17. Rhe1 Nxd3+ 18. Qxd3 b5 19. Qd4 Rac8 20. Rd2
Qc7 21. f4 b4 22. Qxb4 Rb8 23. Qd4 a5 24. Nxd7 Qxd7 25. Qe5 Rfe8 26. h3 Qb7 27.
b3 Rbc8 28. Kb2 Rc6 29. Re3 Rec8 30. f5 exf5 31. Nxd5 Nd7 32. Ne7+ Kh8 33. Qxf5
Rc5 34. Qf3 1-0

[Event "Ct. Catalunya eq. DH"]
[Site "?"]
[Date "2011.03.19"]
[Round "8.8"]
[White "Bravo Barranco, N."]
[Black "Armengol Comas, J."]
[Result "1/2-1/2"]
[WhiteElo "2333"]
[BlackElo "2297"]
[PlyCount "46"]
[EventDate "2011.??.??"]
[EventType "team"]

1. e4 c5 2. Nf3 Nf6 3. Qe2 Nc6 4. c3 e5 5. g3 g6 6. Bg2 Bg7 7. d3 O-O 8. Bg5 h6
9. Bxf6 Qxf6 10. Nbd2 b5 11. a4 b4 12. Nc4 Qd8 13. Nfd2 d6 14. h4 h5 15. Ne3
Bh6 16. Ndc4 Be6 17. Nd5 bxc3 18. bxc3 Bxd5 19. exd5 Na5 20. Qa2 Rb8 21. O-O
Nxc4 22. Qxc4 Rb2 23. Rab1 Qb8 1/2-1/2

[Event "Ct. Catalunya eq. DH"]
[Site "?"]
[Date "2011.03.19"]
[Round "8.8"]
[White "Martinez Lopez, I."]
[Black "Rahal, M."]
[Result "0-1"]
[WhiteElo "2278"]
[BlackElo "2343"]
[PlyCount "46"]
[EventDate "2011.??.??"]
[EventType "team"]

1. c4 b6 2. Nc3 Bb7 3. e4 e5 4. Nge2 Nf6 5. d3 Bc5 6. Ng3 g6 7. Be2 Nc6 8. O-O
Nd4 9. Be3 Ne6 10. Qd2 h5 11. Bf3 Ng4 12. Bxc5 bxc5 13. Bxg4 hxg4 14. Rfe1 Qh4
15. Nf1 d6 16. Ne2 f5 17. exf5 Ng5 18. Nf4 Nf3+ 19. gxf3 gxf3 20. Qe3 O-O-O 21.
Nd5 Bxd5 22. cxd5 Qh3 23. Qg5 gxf5 0-1

[Event "Ct. Catalunya eq. DH"]
[Site "?"]
[Date "2011.03.19"]
[Round "8.8"]
[White "Pueyo Burrell, D."]
[Black "Yepes Martinez, E."]
[Result "1-0"]
[WhiteElo "2156"]
[BlackElo "2260"]
[PlyCount "128"]
[EventDate "2011.??.??"]
[EventType "team"]

1. e4 e6 2. d4 d5 3. Nc3 Nf6 4. e5 Nfd7 5. f4 c5 6. Nf3 Nc6 7. Be3 cxd4 8. Nxd4
Bc5 9. Qd2 O-O 10. O-O-O a6 11. Qf2 Qe7 12. Kb1 Bxd4 13. Bxd4 b5 14. Bd3 Nxd4
15. Qxd4 Qc5 16. Ne2 f6 17. Rhf1 fxe5 18. fxe5 Rxf1 19. Rxf1 Qxd4 20. Nxd4 Nxe5
21. Re1 Nxd3 22. cxd3 Bd7 23. Nf3 Rf8 24. Kc2 Kf7 25. Re2 Ke7 26. Kc3 Kd6 27.
Kd2 h6 28. Ne5 Be8 29. d4 b4 30. Ke3 Rf1 31. Rc2 Re1+ 32. Re2 Rh1 33. h3 Bb5
34. Rc2 Re1+ 35. Kf2 Re4 36. Rd2 a5 37. Nf7+ Ke7 38. Ne5 Kd6 39. Nf7+ Ke7 40.
Ne5 a4 41. b3 a3 42. Nf3 Kd6 43. Ne5 Be8 44. Nf3 Bg6 45. Ne5 Rxe5 46. dxe5+
Kxe5 47. Ke3 Bb1 48. Rd4 Bxa2 49. Rxb4 Bb1 50. Ra4 a2 51. Ra5 Bc2 52. Rxa2 Bxb3
53. Ra7 Kf6 54. Ra6 Bc4 55. Rb6 Ke5 56. Rb7 Kf6 57. Rb6 g6 58. Kd4 Ba2 59. Ra6
Bb3 60. Rc6 h5 61. Rc8 e5+ 62. Ke3 d4+ 63. Ke4 h4 64. Rf8+ Ke7 $138 1-0

[Event "Ct. Catalunya eq. DH"]
[Site "?"]
[Date "2011.03.19"]
[Round "8.8"]
[White "Rivas Garcia, V."]
[Black "Folch Abad, S."]
[Result "1-0"]
[WhiteElo "2341"]
[BlackElo "2110"]
[PlyCount "87"]
[EventDate "2011.??.??"]
[EventType "team"]

1. e4 c5 2. Nf3 Nc6 3. Bb5 a6 4. Bxc6 dxc6 5. d3 Bg4 6. Be3 e5 7. h3 Bxf3 8.
Qxf3 Qf6 9. Qg3 Bd6 10. a4 a5 11. Nd2 b6 12. Nc4 Bc7 13. O-O Qg6 14. Qxg6 hxg6
15. f4 f6 16. fxe5 fxe5 17. Rf3 Nf6 18. Rg3 Kf7 19. Rf1 Rae8 20. Bg5 Re6 21.
Nd2 Rf8 22. Be3 Rh8 23. Nf3 Re7 24. Bg5 Ke8 25. Bxf6 gxf6 26. Rxg6 Kf7 27. Rg4
Ke6 28. Nh4 Reh7 29. Nf5 Kf7 30. Rf3 Rg8 31. Rfg3 Rxg4 32. Rxg4 b5 33. b3 bxa4
34. bxa4 c4 35. dxc4 Bb6+ 36. Kf1 Bc5 37. Ke2 Ke6 38. Rg7 Rxg7 39. Nxg7+ Kf7
40. Nf5 Kg6 41. Kf3 Bb4 42. Kg4 Bd2 43. Nh4+ Kf7 44. Kf5 1-0

[Event "Ct. Catalunya eq. DH"]
[Site "?"]
[Date "2011.03.19"]
[Round "8.9"]
[White "Alcaraz Lopez, F."]
[Black "Bosque Ortega, X."]
[Result "0-1"]
[WhiteElo "2038"]
[BlackElo "2327"]
[PlyCount "44"]
[EventDate "2011.??.??"]
[EventType "team"]

1. c4 c6 2. d4 d5 3. Nc3 Nf6 4. e3 Bf5 5. Nf3 e6 6. Bd3 Bg6 7. O-O Nbd7 8. Re1
Ne4 9. Qc2 f5 10. a3 Bd6 11. b4 Bh5 12. Bb2 O-O 13. b5 Bxf3 14. gxf3 Qh4 15. f4
g5 16. f3 Nxc3 17. Bxc3 gxf4 18. exf4 Rf6 19. bxc6 bxc6 20. cxd5 cxd5 21. Bd2
Rg6+ 22. Kh1 Qf2 0-1

[Event "Ct. Catalunya eq. DH"]
[Site "?"]
[Date "2011.03.19"]
[Round "8.9"]
[White "Ayas Fernandez, A."]
[Black "Bruned Segura, M."]
[Result "1-0"]
[WhiteElo "2343"]
[BlackElo "2159"]
[PlyCount "93"]
[EventDate "2011.??.??"]
[EventType "team"]

1. e4 d6 2. d4 Nf6 3. Nc3 e5 4. Nf3 Nbd7 5. Bc4 Be7 6. O-O O-O 7. Re1 a6 8. a4
b6 9. b3 Bb7 10. Bb2 Re8 11. d5 Bc8 12. Bf1 Nf8 13. a5 b5 14. Na2 c5 15. dxc6
Qxa5 16. Nc3 Qb6 17. Bxb5 Bg4 18. Ba4 Ng6 19. h3 Bh5 20. Bc1 d5 21. Nxd5 Nxd5
22. exd5 Bc5 23. Be3 e4 24. Bxc5 Qxc5 25. Qd4 Qd6 26. Nd2 f5 27. Nc4 Qf4 28. d6
Bf3 29. Nd2 Bxg2 30. Kxg2 Qh4 31. Qd5+ Kh8 32. Qxf5 Nf4+ 33. Kf1 Nxh3 34. Rxe4
Rxe4 35. Nxe4 Nf4 36. Ng3 g6 37. Qe5+ Kg8 38. b4 Qh3+ 39. Ke1 Ng2+ 40. Kd2 h5
41. Bb3+ Kh7 42. Rh1 Qg4 43. Rxh5+ gxh5 44. Qxh5+ Qxh5 45. Nxh5 Kg6 46. d7 Rd8
47. Be6 1-0

[Event "Ct. Catalunya eq. DH"]
[Site "?"]
[Date "2011.03.19"]
[Round "8.9"]
[White "Garrido Fernandez, D."]
[Black "Bautista Sanchez, J."]
[Result "1-0"]
[WhiteElo "2237"]
[BlackElo "2199"]
[PlyCount "107"]
[EventDate "2011.??.??"]
[EventType "team"]

1. e4 c6 2. Nc3 d5 3. f4 dxe4 4. Nxe4 Nf6 5. Nf2 e6 6. Nf3 Qc7 7. g3 Nbd7 8. b3
Bd6 9. Bb2 O-O 10. Qe2 b6 11. Bg2 Bb7 12. O-O c5 13. c4 Rad8 14. Rae1 Rfe8 15.
Nd3 Bf8 16. Nde5 h6 17. g4 Nxe5 18. Nxe5 Nd7 19. g5 Bxg2 20. Qxg2 g6 21. gxh6
Bxh6 22. Re3 Nxe5 23. Bxe5 Qd7 24. Bf6 Qxd2 25. Re2 Qd3 26. Bxd8 Rxd8 27. Qe4
Qc3 28. Rc2 Qf6 29. Qe5 Qe7 30. Rg2 Bg7 31. Qe2 Qd6 32. Kh1 Bf6 33. Qe4 Qd4 34.
Qf3 Qd3 35. Qxd3 Rxd3 36. Re2 Kg7 37. Kg2 Rd8 38. Kf3 Bd4 39. Rd1 Kf6 40. h4
Rh8 41. Kg4 Rh5 42. b4 e5 43. bxc5 Bxc5 44. fxe5+ Rxe5 45. Rf1+ Rf5 46. Rxf5+
gxf5+ 47. Kf3 Bf8 48. Rg2 Bh6 49. Rg8 Bd2 50. Ra8 Be1 51. h5 a5 52. Ra6 Kg5 53.
Rxb6 Kxh5 54. Kf4 1-0

[Event "Ct. Catalunya eq. DH"]
[Site "?"]
[Date "2011.03.19"]
[Round "8.9"]
[White "Sadrija, E."]
[Black "Hernandez Casillas, JJ."]
[Result "1/2-1/2"]
[WhiteElo "2244"]
[BlackElo "2279"]
[PlyCount "94"]
[EventDate "2011.??.??"]
[EventType "team"]

1. d4 d6 2. Nc3 Nf6 3. e4 g6 4. h3 c6 5. Be3 Bg7 6. Qd2 O-O 7. Nf3 b5 8. Bd3 a5
9. Ne2 Nbd7 10. Rd1 Qc7 11. g4 e5 12. c3 Rb8 13. Ng3 c5 14. g5 Ne8 15. h4 cxd4
16. cxd4 exd4 17. Nxd4 Ne5 18. Be2 Nc4 19. Qc1 Bd7 20. h5 Nxe3 21. Qxe3 Qc5 22.
Kf1 Nc7 23. Kg2 Ne6 24. Nf3 Rfd8 25. Qd2 b4 26. Rc1 Qb6 27. hxg6 hxg6 28. Bc4
Bc6 29. b3 d5 30. exd5 Bxd5 31. Qe3 Bd4 32. Qd2 Ba8 33. Bxe6 Qxe6 34. Rh4 Bg7
35. Qf4 Rb5 36. Qc7 Re8 37. Rc5 Be5 38. Qa7 Bxg3 39. Kxg3 Rxc5 40. Qxc5 Bxf3
41. Kxf3 Qe2+ 42. Kg2 Qe5 43. Rc4 Kg7 44. Kf3 Qe2+ 45. Kg2 Qe5 46. Kf3 Qe2+ 47.
Kg2 Qe5 1/2-1/2

[Event "Ct. Catalunya eq. DH"]
[Site "?"]
[Date "2011.03.19"]
[Round "8.10"]
[White "Codina Garcia, J."]
[Black "Colon Garcia, E."]
[Result "1-0"]
[WhiteElo "2117"]
[BlackElo "2288"]
[PlyCount "73"]
[EventDate "2011.??.??"]
[EventType "team"]

1. d4 Nf6 2. c4 e6 3. Nc3 Bb4 4. e3 O-O 5. Nf3 d5 6. Bd3 c5 7. O-O cxd4 8. exd4
dxc4 9. Bxc4 b6 10. Bg5 Bb7 11. Ne5 Be7 12. Qe2 Nd5 13. Bxd5 exd5 14. Bxe7 Qxe7
15. Qf3 Qd8 16. Rfe1 Na6 17. Qh5 f6 18. Nd3 Nc7 19. Re3 Qd7 20. Rae1 Rae8 21.
Nf4 Rxe3 22. Rxe3 g5 23. Nfe2 Qf7 24. Qf3 Bc8 25. Qg3 Ne8 26. h4 Ng7 27. Qf3
Nf5 28. Rd3 Nxh4 29. Qxd5 Be6 30. Qd6 Nf5 31. Qa3 Bc4 32. Rd2 Rd8 33. b3 Bxe2
34. Nxe2 Qe7 35. Qc1 Qe4 36. Qc7 Qe7 37. Qc2 1-0

[Event "Ct. Catalunya eq. DH"]
[Site "?"]
[Date "2011.03.19"]
[Round "8.10"]
[White "Rebull Camarasa, R."]
[Black "Gutierrez Manzano, J."]
[Result "1/2-1/2"]
[WhiteElo "2017"]
[BlackElo "2030"]
[PlyCount "113"]
[EventDate "2011.??.??"]
[EventType "team"]

1. d4 Nf6 2. e3 c5 3. Bd3 cxd4 4. exd4 g6 5. Be3 Bg7 6. Nd2 Nd5 7. Be4 Nxe3 8.
fxe3 d5 9. Bf3 e5 10. dxe5 Qb6 11. Bxd5 Qxe3+ 12. Qe2 Qxe2+ 13. Kxe2 Nc6 14.
Ngf3 Nxe5 15. Nxe5 Bxe5 16. Nc4 Bc7 17. Rae1 O-O 18. Kd2 Rd8 19. Ne3 Bf4 20. c4
Be6 21. Kc2 Bxe3 22. Bxe6 Rd2+ 23. Kc3 Bh6 24. Bd5 Rf2 25. Re7 Rb8 26. b4 Bg7+
27. Kd3 Bf8 28. Re2 Rxe2 29. Kxe2 Bxb4 30. Rf1 Re8+ 31. Kd3 Re7 32. Kd4 b6 33.
Rf3 Kg7 34. g4 f6 35. h4 Re2 36. a4 Rh2 37. h5 gxh5 38. g5 Bc5+ 39. Kd3 fxg5
40. Rf7+ Kg6 41. Rxa7 g4 42. Be4+ Kg5 43. Rg7+ Kf4 44. Rf7+ Kg3 45. Rxh7 Kf2
46. Rf7+ Kg1 47. Rg7 Bf2 48. Rd7 g3 49. Ke2 Bc5+ 50. Kf3 Ra2 51. Kxg3 Ra3+ 52.
Bf3 h4+ 53. Kg4 Kf2 54. Rd2+ Ke3 55. Re2+ Kd3 56. Kxh4 Kxc4 57. Bc6 1/2-1/2

[Event "Ct. Catalunya eq. DH"]
[Site "?"]
[Date "2011.03.19"]
[Round "8.10"]
[White "Romero Perea, E."]
[Black "Dickl, E."]
[Result "0-1"]
[WhiteElo "2221"]
[BlackElo "2231"]
[PlyCount "216"]
[EventDate "2011.??.??"]
[EventType "team"]

1. d4 Nf6 2. c4 Nc6 3. Nc3 e5 4. d5 Ne7 5. e4 Ng6 6. f3 Bc5 7. Nge2 O-O 8. Bd2
Nh5 9. Na4 Be7 10. Qc2 d6 11. O-O-O Bg5 12. Bxg5 Qxg5+ 13. Qd2 Qe7 14. Nac3 a5
15. g4 Nhf4 16. Nxf4 Nxf4 17. h4 g6 18. Ne2 Nxe2+ 19. Bxe2 f6 20. Rh2 Rf7 21.
Rdh1 g5 22. Bd3 b6 23. Kb1 Bd7 24. a3 a4 25. Qc2 Rg7 26. Ka1 Ra5 27. Qd2 Ra8
28. Qe2 Rf8 29. Qc2 Qd8 30. Qe2 Qe7 31. Qc2 Rb8 32. Qe2 Qe8 33. Qd2 Qe7 34. Qe2
Kh8 35. Qd2 Ra8 36. Qe2 Ra5 37. Qd2 Be8 38. Ka2 Bg6 39. Ka1 Rg8 40. Qe2 Raa8
41. Qc2 Kg7 42. Qd2 Rh8 43. Qc2 h6 44. Qd2 Raf8 45. Qc2 Be8 46. Qd2 Bd7 47. Qe2
Qd8 48. Ka2 Qe7 49. Ka1 Rb8 50. Ka2 Qf7 51. Qd2 c5 52. Ka1 b5 53. cxb5 Bxb5 54.
Qe2 Qb7 55. Bxb5 Qxb5 56. Qxb5 Rxb5 57. hxg5 fxg5 58. Rh3 Rb3 59. R1h2 c4 60.
Rc2 Rc8 61. Rch2 c3 62. Rc2 cxb2+ 63. Rxb2 Rxa3+ 64. Kb1 Rcc3 65. Rb7+ Kg6 66.
Rb6 Rab3+ 67. Rxb3 Rxb3+ 68. Ka2 Re3 69. Kb2 a3+ 70. Ka2 Rd3 71. Ka1 Rd2 72.
Rh1 Rf2 73. Rh3 a2 74. Rg3 Rh2 75. Rg1 Rh3 76. Rf1 h5 77. gxh5+ Kxh5 78. Kxa2
Kh4 79. Kb2 Rh2+ 80. Kc3 Kg3 81. Kd3 Ra2 82. Rg1+ Kxf3 83. Rxg5 Ra3+ 84. Kc4
Kxe4 85. Rg6 Ra4+ 86. Kb3 Rd4 87. Rxd6 Rxd5 88. Rh6 Rc5 89. Rh4+ Kd3 90. Rh3+
Kd4 91. Rh5 Rc7 92. Rh8 e4 93. Rd8+ Ke3 94. Re8 Kd3 95. Rd8+ Ke2 96. Kb2 e3 97.
Re8 Kd2 98. Rd8+ Ke1 99. Re8 e2 100. Rf8 Rc4 101. Kb3 Rc7 102. Kb2 Rc5 103. Rf7
Kd2 104. Rd7+ Ke3 105. Re7+ Kd3 106. Kb1 Rc4 107. Kb2 Re4 108. Rd7+ Ke3 0-1

[Event "Ct. Catalunya eq. DH"]
[Site "?"]
[Date "2011.03.26"]
[Round "9.1"]
[White "Quesada Perez, Y."]
[Black "Moskalenko, V."]
[Result "1-0"]
[WhiteElo "2586"]
[BlackElo "2601"]
[PlyCount "137"]
[EventDate "2011.??.??"]
[EventType "team"]

1. e4 e6 2. d4 d5 3. Nc3 Bb4 4. e5 c5 5. a3 Bxc3+ 6. bxc3 Qa5 7. Bd2 Qa4 8. Rb1
c4 9. Qc1 Nc6 10. Be2 b6 11. Nf3 Bd7 12. h4 h6 13. Rh3 Nge7 14. h5 O-O-O 15.
Kf1 Rdf8 16. Bf4 f6 17. Bh2 Kb7 18. Kg1 Rf7 19. Qb2 Rg8 20. Re1 f5 21. Bf4 Rff8
22. Nh4 Nd8 23. g3 Nf7 24. Rh2 Ng5 25. Ng2 Qb5 26. Qa1 Qa4 27. Bd1 Be8 28. Bc1
g6 29. hxg6 Nxg6 30. Nf4 Nxf4 31. Bxf4 h5 32. Kg2 Ne4 33. Rh3 Qa5 34. Re3 Qa4
35. Qc1 Qd7 36. f3 Ng5 37. Rh4 Rg7 38. Re1 Rfg8 39. Reh1 Qe7 40. Kf2 Nh7 41.
Be2 Ng5 42. Qb2 Nh7 43. Qb4 Qxb4 44. cxb4 Nf8 45. R4h3 a5 46. bxa5 bxa5 47.
Rb1+ Ka6 48. Rb8 Ng6 49. Bg5 Rb7 50. Rxb7 Kxb7 51. Rxh5 Nxe5 52. Rh7+ Nf7 53.
Bf4 Rh8 54. Rg7 Rh2+ 55. Ke3 Kc6 56. g4 Rg2 57. g5 Nd6 58. Rg8 Bd7 59. g6 c3
60. g7 Nf7 61. Bf1 Rg1 62. Kf2 Rg6 63. Rb8 e5 64. Bxe5 Nxe5 65. g8=Q Rxg8 66.
Rxg8 Nf7 67. Ke3 Kd6 68. Ra8 a4 69. Ra6+ 1-0

[Event "Ct. Catalunya eq. DH"]
[Site "?"]
[Date "2011.03.26"]
[Round "9.2"]
[White "Oms Pallisse, J."]
[Black "Bromberger, S."]
[Result "0-1"]
[WhiteElo "2562"]
[BlackElo "2519"]
[PlyCount "84"]
[EventDate "2011.??.??"]
[EventType "team"]

1. d4 Nf6 2. c4 g6 3. Nc3 Bg7 4. e4 d6 5. Be2 O-O 6. Nf3 e5 7. O-O Nc6 8. d5
Ne7 9. Nd2 Nd7 10. b4 f5 11. c5 Nf6 12. f3 f4 13. Nc4 g5 14. a4 Ng6 15. cxd6
cxd6 16. Nb5 Ne8 17. Bd2 h5 18. Be1 Bd7 19. Na5 Qb8 20. Rc1 Bf6 21. Bf2 Bd8 22.
Qb3 Kh8 23. h3 Rg8 24. Nc6 bxc6 25. dxc6 Bc8 26. Bc4 Rg7 27. Bf7 a6 28. Bxg6
axb5 29. Bxe8 bxa4 30. Qa3 g4 31. fxg4 hxg4 32. hxg4 Bxg4 33. Bd7 Bxd7 34. cxd7
Rxd7 35. Rc6 Rh7 36. b5 Qxb5 37. Qxd6 Be7 38. Qe6 Rg8 39. Rfc1 Bh4 40. Qa2 Qd3
41. Rc8 Bd8 42. Qd5 Rxg2+ 0-1

[Event "Ct. Catalunya eq. DH"]
[Site "?"]
[Date "2011.03.26"]
[Round "9.3"]
[White "Fluvia Poyatos, Joan"]
[Black "Minguez Rodriguez, R."]
[Result "1-0"]
[WhiteElo "2472"]
[BlackElo "2223"]
[PlyCount "55"]
[EventDate "2011.??.??"]
[EventType "team"]

1. e4 e5 2. Nf3 Nc6 3. Bb5 f5 4. d3 fxe4 5. dxe4 Nf6 6. O-O d6 7. Qd3 a6 8. Bc4
Na5 9. Ng5 Nxc4 10. Qxc4 Qe7 11. f4 h6 12. Nf3 Be6 13. Qd3 O-O-O 14. c4 exf4
15. Bxf4 g5 16. Be3 Ng4 17. Bd4 Bg7 18. Nbd2 Ne5 19. Qc3 g4 20. Nxe5 dxe5 21.
Be3 Qd6 22. Nb3 Qc6 23. Nc5 Rd4 24. Nxe6 Rxc4 25. Qxc4 Qxc4 26. Nxg7 Qxe4 27.
Nf5 Rf8 28. Nd6+ 1-0

[Event "Ct. Catalunya eq. DH"]
[Site "?"]
[Date "2011.03.26"]
[Round "9.3"]
[White "Matnadze, A."]
[Black "Cruz Sanchez, C."]
[Result "1-0"]
[WhiteElo "2452"]
[BlackElo "2521"]
[PlyCount "97"]
[EventDate "2011.??.??"]
[EventType "team"]

1. d4 e6 2. c4 d5 3. Nf3 c6 4. g3 f5 5. Bg2 Nf6 6. O-O Bd6 7. Bf4 Bxf4 8. gxf4
O-O 9. Nbd2 Ne4 10. Qb3 Kh8 11. Qe3 Qf6 12. Ne5 Nxd2 13. Qxd2 Nd7 14. Rac1 Nxe5
15. fxe5 Qe7 16. f4 Rg8 17. Kh1 Bd7 18. Bf3 h6 19. Rg1 g5 20. fxg5 hxg5 21.
cxd5 exd5 22. Rc3 Rg7 23. Rb3 Be6 24. Bg2 Rag8 25. Qa5 Rh7 26. Qxa7 g4 27. Qa3
Qh4 28. h3 gxh3 29. Bxh3 Qe4+ 30. Kh2 Qxe2+ 31. Kh1 Qe4+ 32. Kh2 Rxg1 33. Kxg1
Qxd4+ 34. Kf1 Qxe5 35. Qf8+ Bg8 36. Rf3 Qxb2 37. Rg3 Qa1+ 38. Kf2 Qxa2+ 39. Kf3
Qb3+ 40. Kf2 Qb2+ 41. Kf1 Qa1+ 42. Kf2 Qb2+ 43. Kf1 Rg7 44. Bxf5 Qa1+ 45. Ke2
Qe5+ 46. Re3 Rg2+ 47. Kd3 Rd2+ 48. Kxd2 Qd4+ 49. Ke2 1-0

[Event "Ct. Catalunya eq. DH"]
[Site "?"]
[Date "2011.03.26"]
[Round "9.4"]
[White "Gual Pascual, A."]
[Black "Grafl, F."]
[Result "1-0"]
[WhiteElo "2538"]
[BlackElo "2419"]
[PlyCount "107"]
[EventDate "2011.??.??"]
[EventType "team"]

1. d4 f5 2. Nf3 Nf6 3. g3 e6 4. Bg2 Be7 5. c4 O-O 6. O-O d6 7. b4 c6 8. a4 e5
9. dxe5 dxe5 10. Nxe5 Qxd1 11. Rxd1 Bxb4 12. Nd3 a5 13. Bd2 Be7 14. Be3 Nbd7
15. Nd2 Ng4 16. Bd4 Bf6 17. Bxf6 Rxf6 18. Nf3 Rf8 19. Nf4 Nde5 20. Nxe5 Nxe5
21. c5 Nd7 22. Rac1 Nb8 23. e3 Na6 24. Bf1 g6 25. Bxa6 Rxa6 26. Rb1 Kf7 27. Nd3
Ke7 28. Nb2 Rd8 29. Nc4 Rxd1+ 30. Rxd1 Ra8 31. Rb1 Kd8 32. Rb6 Kc7 33. f3 Be6
34. Nd6 Rb8 35. Kf2 Bd5 36. e4 fxe4 37. fxe4 Be6 38. Ke3 Bg4 39. Kf4 Bd1 40.
Kg5 Bxa4 41. e5 Bc2 42. e6 Bf5 43. Nxf5 gxf5 44. Kf6 a4 45. Kf7 a3 46. Rb1 b5
47. cxb6+ Rxb6 48. Ra1 Rb7 49. Rxa3 c5 50. e7 Kd6 51. Kf8 Rxe7 52. Ra6+ Kd5 53.
Kxe7 c4 54. Kf6 1-0

[Event "Ct. Catalunya eq. DH"]
[Site "?"]
[Date "2011.03.26"]
[Round "9.5"]
[White "Alonso Moyano, J."]
[Black "Vehi Bach, VM."]
[Result "1-0"]
[WhiteElo "2428"]
[BlackElo "2460"]
[PlyCount "141"]
[EventDate "2011.??.??"]
[EventType "team"]

1. e4 c5 2. Nf3 e6 3. d4 cxd4 4. Nxd4 Nc6 5. Nxc6 bxc6 6. Bd3 Nf6 7. O-O d5 8.
Nd2 Be7 9. Re1 O-O 10. c4 Bb7 11. e5 Nd7 12. Qg4 Kh8 13. Nf3 dxc4 14. Bc2 Nc5
15. Qxc4 Ba6 16. Qc3 Qc7 17. Bg5 Rad8 18. Re3 Bb7 19. Bxe7 Qxe7 20. Nd4 Rc8 21.
Rh3 g6 22. Qe3 Nd7 23. Qh6 f5 24. Nxe6 Rg8 25. Ng5 Rg7 26. e6 Ne5 27. Qh4 Kg8
28. Re1 Ng4 29. Nf3 Qxh4 30. Rxh4 c5 31. h3 Nf6 32. Ng5 Re7 33. Bb3 Bd5 34.
Bxd5 Nxd5 35. Ra4 Kg7 36. Ra6 Kf6 37. h4 Nb4 38. Rd6 h6 39. Nf7 Rc6 40. g4 fxg4
41. Rxc6 Nxc6 42. Nxh6 Rxe6 43. Nxg4+ Ke7 44. Ne3 Nd4 45. Kg2 Kd6 46. Kg3 Rf6
47. f4 Rf8 48. Nc4+ Kd5 49. Ne5 Rf6 50. b3 Ra6 51. Rd1 Rxa2 52. Nxg6 Rb2 53. h5
Rxb3+ 54. Kg4 c4 55. h6 Rb7 56. Ne5 c3 57. Nf3 c2 58. Rxd4+ Kc5 59. Rd8 Kb6 60.
Rc8 Rc7 61. Rxc7 Kxc7 62. h7 c1=Q 63. h8=Q a5 64. Qa8 Qc5 65. Ne5 Qg1+ 66. Kf5
Qb1+ 67. Kg5 Qb5 68. Qa7+ Kc8 69. Kf6 a4 70. f5 Qb4 71. Qd7+ 1-0

[Event "Ct. Catalunya eq. DH"]
[Site "?"]
[Date "2011.03.26"]
[Round "9.6"]
[White "Cruz Sanchez, JE."]
[Black "Gomez Jurado, LA."]
[Result "1-0"]
[WhiteElo "2365"]
[BlackElo "2392"]
[PlyCount "59"]
[EventDate "2011.??.??"]
[EventType "team"]

1. d4 Nf6 2. c4 e6 3. Nc3 Bb4 4. f3 d5 5. a3 Bd6 6. Bg5 Be7 7. e3 O-O 8. Bd3 h6
9. Bh4 c5 10. Nge2 cxd4 11. exd4 dxc4 12. Bxc4 a6 13. O-O b5 14. Ba2 Bb7 15.
Qd3 Nbd7 16. Rfd1 Re8 17. Rac1 Rc8 18. Kf1 Nf8 19. Bf2 Nd5 20. Nxd5 Bxd5 21.
Rxc8 Qxc8 22. Bxd5 exd5 23. Rc1 Qd7 24. Qc2 Bg5 25. f4 Bf6 26. Qc6 Re6 27. Qxd7
Nxd7 28. f5 Re8 29. Rc6 Bg5 30. Rxa6 1-0

[Event "Ct. Catalunya eq. DH"]
[Site "?"]
[Date "2011.03.26"]
[Round "9.7"]
[White "Perez Mañas, B."]
[Black "Montilla Carrillo, E."]
[Result "1-0"]
[WhiteElo "2347"]
[BlackElo "2341"]
[PlyCount "153"]
[EventDate "2011.??.??"]
[EventType "team"]

1. Nf3 d5 2. d4 Nf6 3. c4 c6 4. Nbd2 Bf5 5. e3 e6 6. Be2 h6 7. O-O Nbd7 8. b3
Bd6 9. Bb2 Qc7 10. Rc1 O-O 11. h3 Bh7 12. Re1 Rfe8 13. a3 a5 14. Bf1 Rac8 15.
g3 Ne4 16. Bg2 f5 17. Qe2 Rf8 18. Red1 Rf7 19. Ne1 Rcf8 20. Nd3 g5 21. Nf3 Rg7
22. Qe1 Bg6 23. c5 Be7 24. Nfe5 Nxe5 25. Nxe5 Bh5 26. f3 Nf6 27. Bc3 Bd8 28.
Qe2 Nd7 29. Nxd7 Rxd7 30. Kf2 Rg7 31. Be1 g4 32. hxg4 fxg4 33. f4 Qf7 34. Bc3
Bg6 35. Qd2 Qc7 36. Rh1 h5 37. Bf1 h4 38. Bd3 Qf7 39. a4 Bxd3 40. Qxd3 Qh5 41.
Kg2 Qf5 42. Qxf5 h3+ 43. Rxh3 exf5 44. Rh5 Rh7 45. Rxh7 Kxh7 46. Rb1 Re8 47.
Bd2 Kg6 48. Rh1 Bc7 49. Kf2 Rb8 50. Rc1 Rh8 51. Kg2 Re8 52. Rb1 Kf6 53. Bc1 Re7
54. b4 axb4 55. Rxb4 Ba5 56. Rb2 Bc3 57. Rc2 Ba5 58. Kg1 Be1 59. Rg2 Kg6 60.
Kf1 Bc3 61. Rc2 Ba5 62. Rh2 Bc3 63. Rh8 Kf6 64. Rf8+ Kg6 65. Kg2 Bxd4 66. exd4
Re1 67. Ba3 Ra1 68. Bb4 Ra2+ 69. Kf1 Rxa4 70. Be1 Ra2 71. Re8 Kf7 72. Re2 Ra4
73. Rb2 Ra7 74. Ke2 Kf6 75. Kd3 Ke6 76. Bc3 Kf6 77. Rb1 1-0

[Event "Ct. Catalunya eq. DH"]
[Site "?"]
[Date "2011.03.26"]
[Round "9.8"]
[White "Lopez Agustench, E."]
[Black "Rivas Garcia, V."]
[Result "1-0"]
[WhiteElo "2360"]
[BlackElo "2341"]
[PlyCount "87"]
[EventDate "2011.??.??"]
[EventType "team"]

1. d4 f5 2. Nc3 Nf6 3. Bg5 d5 4. Bxf6 exf6 5. e3 Be6 6. Bd3 Nc6 7. Qf3 Qd7 8.
a3 O-O-O 9. Nge2 g6 10. b4 h5 11. b5 Na5 12. O-O h4 13. Na4 b6 14. c4 Kb8 15.
c5 g5 16. Nc1 g4 17. Qd1 Bh6 18. f4 Rhe8 19. Qc2 Nc4 20. Bxc4 dxc4 21. c6 Qd6
22. Nc3 Bf7 23. Nd1 Rxe3 24. Ne2 Rxe2 25. Qxe2 Qxd4+ 26. Nf2 Re8 27. Qxe8+ Bxe8
28. Rad1 Qxd1 29. Rxd1 Kc8 30. g3 hxg3 31. hxg3 Bf8 32. a4 Bc5 33. Kf1 a6 34.
Rc1 axb5 35. axb5 Bf7 36. Nd1 Bd4 37. Nc3 Bg8 38. Ke2 Bf7 39. Kd2 Bf2 40. Ne2
Bd5 41. Rf1 Bc5 42. Kc3 Bg2 43. Ra1 Kd8 44. Nd4 1-0

[Event "Ct. Catalunya eq. DH"]
[Site "?"]
[Date "2011.03.26"]
[Round "9.9"]
[White "Bosque Ortega, X."]
[Black "Yastrebova, T."]
[Result "0-1"]
[WhiteElo "2327"]
[BlackElo "2116"]
[PlyCount "122"]
[EventDate "2011.??.??"]
[EventType "team"]

1. d4 Nf6 2. Nf3 e6 3. Bf4 c5 4. e3 Qb6 5. Nc3 cxd4 6. Qxd4 Qxd4 7. Nxd4 a6 8.
Na4 Bb4+ 9. c3 Ba5 10. Bd6 Ne4 11. Ba3 b5 12. Nc5 Nxc5 13. Bxc5 d5 14. a4 bxa4
15. Rxa4 Bd8 16. Bb5+ Bd7 17. O-O e5 18. Nf5 Bxb5 19. Nd6+ Kd7 20. Nxb5 Kc6 21.
Bd6 Nd7 22. c4 dxc4 23. Rxc4+ Kxb5 24. Rfc1 a5 25. R4c3 Bb6 26. g3 f6 27. Rb3+
Ka6 28. Rbc3 Kb7 29. b4 Rac8 30. bxa5 Rxc3 31. a6+ Kxa6 32. Rxc3 Kb7 33. Rd3
Rc8 34. Bb4 Nc5 35. Bxc5 Rxc5 36. Kg2 Kc6 37. h4 e4 38. Rd2 Rd5 39. Rc2+ Kd6
40. Rb2 Ba5 41. Rb7 Bc7 42. Rb4 f5 43. Ra4 Ke5 44. Ra7 Rc5 45. Rb7 g6 46. Ra7
h6 47. Ra6 Bd6 48. Ra8 Kf6 49. Rh8 Rc2 50. h5 Kg7 51. Rd8 Bb4 52. Rd7+ Kf6 53.
hxg6 Kxg6 54. Rd1 Kg5 55. Rb1 Bc5 56. Kg1 Kg4 57. Rb7 Kf3 58. Rf7 Rc1+ 59. Kh2
Kxf2 60. Rxf5+ Kxe3 61. g4 Kd3 0-1